| 000 | 01367nam a2200373 i 4500 | ||
|---|---|---|---|
| 001 | 24165 | ||
| 003 | KOSZ 005 | ||
| 005 | 20201008130007.0 | ||
| 008 | 980702s1995 pl a f f |000 0 pol | ||
| 015 | _aPB 1996/1812 | ||
| 020 | _a8386264144 | ||
| 040 |
_aWA N _cWA N _dKOSZ 005/HR |
||
| 046 | _k1995 | ||
| 080 | _a621.51/.54 | ||
| 080 | _a(083.1) | ||
| 100 | 1 |
_aKukla, Tadeusz _eAutor |
|
| 245 | 1 | 0 |
_aUniwersalny średniobieżny silnik wiatrowy : _b[do napędu prądnicy elektrycznej, pompy wodnej, kompresorów, innych urządzeń technologicznych] : budowa systemem gospodarczym : poradnik / _cTadeusz Kukla ; Instytut Budownictwa, Mechanizacji i Elektryfikacji Rolnictwa. |
| 260 |
_aWarszawa : _bIBMiER, _c1995. |
||
| 300 |
_a24, [4] s., 12 s. tabl. : _b2 mapy, rys., 3 wykr. ; _c29 cm. |
||
| 336 |
_2rdacontent _aTekst _btxt |
||
| 337 |
_2rdamedia _aBez urządzenia pośredniczącego _bn |
||
| 338 |
_2rdacarrier _aWolumin _bnc |
||
| 380 | _aKsiążki | ||
| 380 | _aPublikacje fachowe | ||
| 388 | _a1901-2000 | ||
| 388 | _a1989-2000 | ||
| 504 | _aBibliogr. s. 24. | ||
| 650 | 4 | _aSilniki wiatrowe | |
| 650 | 4 | _aBudowa i konstrukcje | |
| 655 | 4 | _aPoradnik | |
| 658 | _aInżynieria i technika | ||
| 856 |
_uhttp://koha.tu.koszalin.pl/cgi-bin/koha/opac-detail.pl?biblionumber=24165 _yKatalog online BPK |
||
| 942 |
_2UKD _cKA |
||
| 999 |
_c24165 _d24165 |
||